000 01105cad a22002295a 4500
001 E147801
008 090619s2009 xxk f 000 0 eng d
020 _a9780755990368
035 _a(Sirsi) u147801
041 0 _aeng
050 0 4 _a333.7 $2 18
110 2 _aInternational Centre for Protected Landscapes
_95753
245 0 0 _aIdentifying good practice from countries implementing the European Landscape Convention
_b(project reference ICP/001/07)
_h[electronic resource]
260 _aEdinburgh
_bScottish Government
_c2009
520 _aExamines good practice from countries implementing the European Landscape Convention in order to inform policy-making and the implementation of the Convention in Scotland. Includes case studies and recommendations.
521 _aAdvanced
590 _aKA
651 4 _aScotland
_y1999-
690 _aENVIRONMENTAL AND LAND CONSULTANCY-ENVIRONMENTAL MANAGEMENT-ENVIRONMENTAL CONSERVATION-LANDSCAPE CONSERVATION
856 4 0 _uhttps://www.scotland.gov.uk/Publications/2009/06/11091754/0
_zView the report free of charge at www.scotland.gov.uk...
942 _n0
999 _c109726
_d109726